Fr. Conceicao Rodrigues College of Engineering

Roll forming Handbook (Record no. 20194)

MARC details
000 -LEADER
fixed length control field 00340nam a2200157Ia 4500
082 ## - DEWEY DECIMAL CLASSIFICATION NUMBER
Classification number 671.82/HAL
Item number HAL
100 ## - MAIN ENTRY--PERSONAL NAME
Personal name Halmos/George
245 ## - TITLE STATEMENT
Title Roll forming Handbook
260 ## - PUBLICATION, DISTRIBUTION, ETC.
Name of publisher, distributor, etc. Taylor and francis
Place of publication, distribution, etc. USA
Date of publication, distribution, etc. 2006
366 ## - TRADE AVAILABILITY INFORMATION
Publishers's discount category 20
546 ## - LANGUAGE NOTE
Language note ENGLISH
650 ## - SUBJECT ADDED ENTRY--TOPICAL TERM
Topical term or geographic name entry element Roll Forming
654 ## - SUBJECT ADDED ENTRY--FACETED TOPICAL TERMS
Focus term roll forming
942 ## - ADDED ENTRY ELEMENTS (KOHA)
Koha item type Reference Book
Holdings
Withdrawn status Lost status Damaged status Not for loan Collection Home library Current library Date acquired Source of acquisition Cost, normal purchase price Inventory number Total Checkouts Full call number Barcode Date last seen Cost, replacement price Price effective from Koha item type
        CRC Fr. Agnel's C.Rodrigues College of Engineering Fr. Agnel's C.Rodrigues College of Engineering 17/03/2023 Milan Book Supplier 5616.80 1351 dt 26/03/2008   671.82/HAL HAL 18696 17/03/2023 7021.00   Reference Book